Villes de France en B - Statistiques

Statistiques générales
  • Ce quiz a été pris 188 fois
  • Le résultat moyen est 8 sur 18
Statistiques - réponses
Population Ville % Correct
270K Bordeaux
94%
141K Brest
81%
113K Besançon
63%
120K Boulogne-Billancourt
59%
43K Bourg-en-Bresse
59%
42K Boulogne-sur-Mer
58%
59K Bayonne
55%
25K Biarritz
54%
53K Bastia
46%
82K Béziers
41%
63K Bourges
38%
47,2K Blois
36%
50K Belfort
33%
47,4K Brive-la-Gaillarde
21%
51K Bondy
17%
45K Bagneux
13%
41K Bagnolet
11%
43K Bron
11%
Aucun quiz correspondant
Distribution des résultats
% des personnes avec chaque résultat
Percentile par nombre de réponses
Votre historique - résultats
Vous n’avez pas pris ce quiz